1M+ cities of the world by letter - I - Statistics

General Stats
  • This quiz has been taken 1,280 times
    749 since last reset
  • The average score is 5 of 8
Answer Stats
Country Population City % Correct
Turkey 16.20 mil Istanbul
99%
Turkey 3.25 mil Izmir
83%
United States 2.15 mil Indianapolis
80%
Nigeria 3.47 mil Ibadan
71%
Iran 3.47 mil Isfahan
71%
India 3.87 mil Indore
57%
Nigeria 1.19 mil Ilorin
23%
Jordan 1.09 mil Irbid
23%
No matching quizzes found
Score Distribution
Percent of People with Each Score
Percentile by Number Answered
Your Score History
You have not taken this quiz since the last reset